000 00541nam a2200217Ia 4500
003 OSt
005 20220928145106.0
006 a|||||r|||| 00| 0
007 ta
008 220927b |||||||| |||| 00| 0 eng d
024 _a78695
037 _cTextual
040 _aSDCL
_cSDCL
_beng
041 _2eng
_aeng
082 _aV2y7M65, N0
100 _aDhanki J S
_9511601
245 0 _aLala Lajpat Rai and Indian nationalism.
260 _c1990
942 _hV2y7M65, N0
_cTEXL
_2CC
999 _c831896
_d831896